Poemas / (Record no. 10782)

MARC details
000 -LEADER
campo de control de longitud fija 01030nam a22003135i 4500
001 - NÚMERO DE CONTROL
campo de control 10782
003 - IDENTIFICADOR DE NÚMERO DE CONTROL
campo de control ES-MaACL
005 - FECHA Y HORA DE LA ÚLTIMA TRANSACCIÓN
campo de control 20230906145946.0
007 - CAMPO FIJO DE DESCRIPCIÓN FÍSICA--INFORMACIÓN GENERAL
campo de control de longitud fija t|
008 - DATOS DE LONGITUD FIJA--INFORMACIÓN GENERAL
campo de control de longitud fija 941219s1994 sp ||||0| spa j
020 ## - NÚMERO INTERNACIONAL ESTÁNDAR DEL LIBRO
Número Internacional Estándar del Libro 84-204-2817-5
040 ## - FUENTE DE CATALOGACIÓN
Centro catalogador/agencia de origen M-BN
Lengua de catalogación spa
Centro/agencia transcriptor M-BN
080 ## - NÚMERO DE LA CLASIFICACIÓN DECIMAL UNIVERSAL
Número de la Clasificación Decimal Universal 892.4-14"11"
100 1# - ENTRADA PRINCIPAL--NOMBRE DE PERSONA
Nombre de persona Yehuda ha-Levi.
9 (RLIN) 117609
245 10 - MENCIÓN DEL TÍTULO
Título Poemas /
Mención de responsabilidad, etc. Yehuda ha-Levi ; introducción, traducción, y notas, Angel Sènz-Badillos y Judit Tragarona Borrás ; estudios literarios, Aviva Doron.
250 ## - MENCION DE EDICION
Mención de edición Ed. bilingüe.
260 ## - PUBLICACIÓN, DISTRIBUCIÓN, ETC.
Lugar de publicación, distribución, etc. Madrid :
Nombre del editor, distribuidor, etc. Alfaguara,
Fecha de publicación, distribución, etc. D.L. 1994.
300 ## - DESCRIPCIÓN FÍSICA
Extensión 539, 55 p ;
Dimensiones 22 cm.
490 1# - MENCIÓN DE SERIE
Mención de serie Clásicos Alfaguara
500 ## - NOTA GENERAL
Nota general Texto en hebreo y traducción en español.
504 ## - NOTA DE BIBLIOGRAFÍA, ETC.
Nota de bibliografía, etc. Bibliografía: p. 24-25.
700 1# - ENTRADA AGREGADA--NOMBRE PERSONAL
Nombre de persona Sáenz-Badillos, Angel.
9 (RLIN) 178832
700 1# - ENTRADA AGREGADA--NOMBRE PERSONAL
Nombre de persona Targarona Borrás, Judit.
9 (RLIN) 109286
700 1# - ENTRADA AGREGADA--NOMBRE PERSONAL
Nombre de persona Doron, Aviva.
9 (RLIN) 45420
830 0# - PUNTO DE ACCESO ADICIONAL DE SERIE-TÍTULO UNIFORME
Título uniforme Clásicos Alfaguara
9 (RLIN) 178833
852 ## - LOCALIZACIÓN
Ubicación ES-MaACL
Número de control de estantería L-18157
Sublocalización o colección R.123308
Holdings
Estatus retirado Estado de pérdida Estado de daño No para préstamo Biblioteca de origen Biblioteca actual Ubicación en estantería Fecha de adquisición Fuente de adquisición Total de préstamos Signatura topográfica completa Código de barras Visto por última vez Precio de reemplazo Tipo de ítem Koha
        Biblioteca del Ateneo de Madrid Biblioteca del Ateneo de Madrid Depósito 2 17/01/2008     L-18157 1010999 23/02/2023 23/02/2023 Libro impreso